Psique : la idea del alma y la inmortalidad entre los griegos /
Sábháilte in:
| Príomhchruthaitheoir: | |
|---|---|
| Rannpháirtithe: | , |
| Formáid: | Leictreonach Ríomhleabhar |
| Teanga: | Spáinnis Gearmáinis |
| Foilsithe / Cruthaithe: |
México, D.F. :
Fondo de Cultura Económica,
2012.
|
| Eagrán: | Primera edición electrónica. |
| Sraith: | Colección Conmemorativa 70 aniversario.
|
| Ábhair: | |
| Rochtain ar líne: | Digitalia Hispánica |
| Clibeanna: |
Cuir clib leis
Níl clibeanna ann, Bí ar an gcéad duine le clib a chur leis an taifead seo!
|
MARC
| LEADER | 00000nam a2200000 i 4500 | ||
|---|---|---|---|
| 001 | DIGFCE1798 | ||
| 003 | NyNyDIG | ||
| 006 | m o d | ||
| 007 | cr ||||||||||| | ||
| 008 | 220720s2012 mx a ob 000 0 spa d | ||
| 035 | |a (OCoLC)1350509873 | ||
| 040 | |a DGITA |b eng |e rda |e pn |c DGITA | ||
| 020 | |a 9786071609083 |q eBook |q ePub | ||
| 020 | |z 9789681677084 |q impreso | ||
| 041 | 1 | |a spa |h ger | |
| 050 | 1 | 4 | |a BL785 ebook |
| 082 | 0 | 4 | |a 128.1 |
| 100 | 1 | |a Rohde, Erwin, |d 1845-1898, |e author. | |
| 240 | 1 | 0 | |a Psyche. |l Spanish |s (Roces) |
| 245 | 1 | 0 | |a Psique : |b la idea del alma y la inmortalidad entre los griegos / |c Erwin Rohde ; introducción de Hans Eckstein ; traducción de Wenceslao Roces. |
| 250 | |a Primera edición electrónica. | ||
| 264 | 1 | |a México, D.F. : |b Fondo de Cultura Económica, |c 2012. | |
| 264 | 4 | |c ©2006 | |
| 300 | |a 1 online resource : |b illustrations. | ||
| 336 | |a text |b txt |2 rdacontent | ||
| 337 | |a computer file |b c |2 rdamedia | ||
| 338 | |a online resource |b cr |2 rdacarrier | ||
| 347 | |a text file |2 rdaft | ||
| 347 | |b EPUB | ||
| 490 | 1 | |a Conmemorativa 70 aniversario | |
| 504 | |a Includes bibliographical references. | ||
| 588 | 0 | |a Online resource; title from ePub title page (Digitalia, viewed July 27, 2022) | |
| 650 | 0 | |a Soul. | |
| 650 | 0 | |a Immortality. | |
| 650 | 0 | |a Cultus, Greek. | |
| 655 | 0 | |a Electronic books. | |
| 700 | 1 | |a Eckstein, Hans, |d 1898- |e contributor agent of text. | |
| 700 | 1 | |a Roces, Wenceslao, |e translator. | |
| 700 | 1 | |i Translation of: |a Rohde, Erwin, |d 1845-1898. |t Psyche. | |
| 776 | 0 | 8 | |i Print version: |a Rohde, Erwin, 1845-1898. |s Psyche. Spanish (Roces). |t Psique. |b Edición conmemorativa 70 aniversario. |d México, D.F. : Fondo de Cultura Económica, 2006 |z 9789681677084 |
| 791 | 2 | |a Digitalia (Firm), |e distributor. | |
| 793 | 0 | |g Digitalia eBook Collection: |a Fondo de Cultura Económica | |
| 830 | 0 | |a Colección Conmemorativa 70 aniversario. | |
| 856 | 4 | 0 | |3 Digitalia Hispánica |u https://digitalia.unach.elogim.com/a/64967/ |
| 910 | |a Premium collection: 2022 | ||